Downton Abbey trivia - Statistics

General Stats
  • This quiz has been taken 1,035 times
  • The average score is 7 of 15
Answer Stats
Hint Answer % Correct
Who did he^ marry on his deathbed? Daisy
86%
What relation is Alfred to O'Brien? nephew
85%
What is Bates's first name? John
80%
Where did Matthew and Isobel live before moving to Downton? Manchester
73%
Which county is the village of Downton in? Yorkshire
72%
What is Anna's maiden name? Smith
67%
What is Mrs. Hughes's first name? Elsie
57%
What was the name (first name and surname) of the Downton footman who died in World War One? William Mason
52%
What is Cora's brother called? Harold
39%
What was the name of Robert's cousin who died on the Titanuc (not Patrick, the other one)? James
27%
What is Alfred's surname? Nugent
26%
What was Isobel's husband and Matthew's father called? Reginald
24%
What was Sir Anthony Strallan's first wife called? Maud
14%
What was the chauffer before Branson called? Taylor
10%
Which war did Robert and Bates serve together in? The Boer War
6%
No matching quizzes found
Score Distribution
Percent of People with Each Score
Percentile by Number Answered
Your Score History
You have not taken this quiz